Využitie obnoviteľných zdrojov v lokalite Záhorie
Enregistré dans:
| Auteur principal: | |
|---|---|
| Autres auteurs: | |
| Format: | Manuscrit Livre |
| Langue: | slovaque |
| Publié: |
Bratislava :
STU v Bratislave FEI,
2002
|
| Sujets: | |
| Tags: |
Pas de tags, Soyez le premier à ajouter un tag!
|
MARC
| LEADER | 00000ntm a22000003a 4500 | ||
|---|---|---|---|
| 001 | stu78801 | ||
| 005 | 20160719164742.9 | ||
| 008 | 030130s2002------------------------slo-d | ||
| 040 | |a STU |b slo | ||
| 041 | 0 | |a slo | |
| 100 | 1 | |a Šturdzík, Richard |4 aut | |
| 245 | 1 | |a Využitie obnoviteľných zdrojov v lokalite Záhorie | |
| 260 | |a Bratislava : |b STU v Bratislave FEI, |c 2002 | ||
| 300 | |a 63 s |c príl. | ||
| 650 | 7 | |a Elektroenergetické a silnoprúdové inžinierstvo |2 stusub | |
| 700 | 1 | |a Horník, Vladimír, |d 1944- |4 ths |u E130 |U FEI Fakulta elektrotechniky a informatiky |T FEI Katedra elektroenergetiky |X 37972 |U E130 |Y 59 |7 A000037972 | |